000 00184 a2200097 4500
020 _a9781416975588
041 _aeng
100 _aRobar, Serena
245 _aGiving up the V
942 _cBK
999 _c9315
_d9315